[Event "Reykjavik op"]
[Site "Reykjavik"]
[Date "2024.03.16"]
[Round "3"]
[White "Halldorsson, Bragi"]
[Black "Glasschroeder, Maximilian"]
[Result "1-0"]
[WhiteElo "2056"]
[BlackElo "1833"]
[PlyCount "57"]
[EventDate "2024.03.15"]
[EventType "swiss"]
[EventRounds "9"]
[EventCountry "ISL"]
[SourceTitle "CB13_2024"]
[SourceDate "2024.03.27"]
[SourceVersion "1"]
[SourceVersionDate "2024.03.27"]
[SourceQuality "1"]

1. d4 Nf6 2. Bg5 d5 3. e3 c5 4. c3 Nc6 5. Nf3 Qb6 6. Qb3 c4 7. Qxb6 axb6 8. Nbd2 Bf5 9. a3 e6 10. Be2 Be7 11. Nh4 Bg6 12. Nxg6 hxg6 13. e4 Nh5 14. Be3 g5 15. g3 Kd7 16. 0-0-0 g6 17. Nf3 Na5 18. exd5 exd5 19. Nxg5 Nb3+ 20. Kc2 f6 21. Bg4+ f5 22. Bf3 Nf6 23. Nf7 Rhg8 24. Ne5+ Kc7 25. Rde1 g5 26. h4 g4 27. Bg2 Ra5 28. Bg5 Rga8 29. Nxc4 1-0

[Event "ISL-chT Kvika 2324"]
[Site "Reykjavik"]
[Date "2023.10.15"]
[Round "5.3"]
[White "Halldorsson, Bragi"]
[Black "Johannsdottir, Johanna Bjorg"]
[Result "1-0"]
[WhiteElo "2037"]
[BlackElo "1988"]
[PlyCount "93"]
[EventDate "2023.10.12"]
[EventType "team-tourn"]
[EventRounds "10"]
[EventCountry "ISL"]
[SourceTitle "Mega2024 Update 01"]
[Source "Chessbase"]
[SourceDate "2023.11.12"]
[SourceVersion "1"]
[SourceVersionDate "2023.11.12"]
[SourceQuality "1"]
[WhiteTeam "Skakdeild KR"]
[BlackTeam "Taflfelag Gardjabaejar"]
[WhiteTeamCountry "ISL"]
[BlackTeamCountry "ISL"]

1. d4 Nf6 2. Bg5 d5 3. e3 Nbd7 4. Nd2 e6 5. Bd3 Be7 6. f4 c5 7. c3 b6 8. Ngf3 Bb7 9. Ne5 0-0 10. Qf3 Ne4 11. Bxe7 Nxe5 12. fxe5 Qxe7 13. Bxe4 dxe4 14. Qg4 f5 15. exf6 Rxf6 16. 0-0-0 cxd4 17. exd4 e5 18. dxe5 Qxe5 19. Rhe1 Rg6 20. Qe2 Re8 21. g3 Qa5 22. Kb1 Ba6 23. Qe3 Bd3+ 24. Ka1 Rge6 25. Qd4 b5 26. Nb3 Qc7 27. Nc5 Rd6 28. Qe3 Bc2 29. Rxd6 Qxd6 30. b3 Re5 31. Kb2 Rxc5 32. Kxc2 b4 33. Rd1 Qe7 34. c4 Re5 35. Rd4 h6 36. Kd1 a5 37. Ke2 Re6 38. Kf2 Qf6+ 39. Kg2 Qe5 40. Rd5 Qc3 41. Rd8+ Kh7 42. Qf4 Re5 43. Qf7 Rg5 44. Qg8+ Kg6 45. Qe8+ Kf5 46. Rd5+ Kf6 47. Rd6+ 1-0

[Event "Reykjavik op"]
[Site "Reykjavik"]
[Date "2023.03.31"]
[Round "4"]
[White "Heller, Stefan"]
[Black "Halldorsson, Bragi"]
[Result "0-1"]
[WhiteElo "1451"]
[BlackElo "2067"]
[PlyCount "54"]
[EventDate "2023.03.29"]
[EventType "swiss"]
[EventRounds "9"]
[EventCountry "ISL"]
[SourceTitle "CBM 213 Extra"]
[Source "ChessBase"]
[SourceDate "2023.05.31"]
[SourceVersion "1"]
[SourceVersionDate "2023.05.31"]
[SourceQuality "1"]

1. e4 c6 2. d4 d5 3. e5 Bf5 4. h4 h5 5. Bg5 Qb6 6. Bd3 Bxd3 7. Qxd3 Qxb2 8. e6 fxe6 9. Nf3 Nd7 10. 0-0 0-0-0 11. Nc3 e5 12. dxe5 Nc5 13. Qe3 Qa3 14. Rab1 Nh6 15. Bxh6 gxh6 16. Nd4 e6 17. Qh3 Re8 18. f4 Rg8 19. Rf3 Rg4 20. Nxd5 Qxa2 21. Nc3 Qc4 22. Nde2 Ne4 23. Rb3 Bc5+ 24. Re3 Reg8 25. Nxe4 Qxe2 26. Nd6+ Kb8 27. Kh1 Qf1+ 0-1

[Event "ISL-chT Kvika 2223"]
[Site "Reykjavik"]
[Date "2023.03.18"]
[Round "8.1"]
[White "Halldorsson, Bragi"]
[Black "Hauksson, Hordur Aron"]
[Result "1-0"]
[WhiteElo "2067"]
[BlackElo "1928"]
[PlyCount "23"]
[EventDate "2022.10.13"]
[EventType "team-tourn"]
[EventRounds "10"]
[EventCountry "ISL"]
[SourceTitle "CBM 213 Extra"]
[Source "ChessBase"]
[SourceDate "2023.05.31"]
[SourceVersion "1"]
[SourceVersionDate "2023.05.31"]
[SourceQuality "1"]
[WhiteTeam "Skakdeild KR"]
[BlackTeam "Skakdeild Fjolnis"]
[WhiteTeamCountry "ISL"]
[BlackTeamCountry "ISL"]

1. d4 Nf6 2. Nf3 e6 3. Bg5 d5 4. Nbd2 c5 5. e3 Nc6 6. c3 Be7 7. Bd3 a6 8. Qe2 Nd7 9. Bf4 b5 10. 0-0 0-0 11. e4 dxe4 12. Qxe4 1-0

[Event "Reykjavik Congress"]
[Site "Reykjavik"]
[Date "2020.01.15"]
[Round "4"]
[White "Halldorsson, Bragi"]
[Black "Thorisson, Benedikt"]
[Result "1-0"]
[WhiteElo "2089"]
[BlackElo "1598"]
[PlyCount "63"]
[EventDate "2020.01.05"]
[EventType "swiss"]
[EventRounds "9"]
[EventCountry "ISL"]
[SourceTitle "CBM 194 Extra"]
[Source "ChessBase"]
[SourceDate "2020.03.31"]
[SourceVersion "1"]
[SourceVersionDate "2020.03.31"]
[SourceQuality "1"]

1. d4 Nf6 2. c4 e6 3. Nc3 Bb4 4. f3 d5 5. a3 Bxc3+ 6. bxc3 0-0 7. e3 c5 8. cxd5 Nxd5 9. Bd2 Nc6 10. Bd3 h6 11. Ne2 Re8 12. 0-0 e5 13. c4 Nf6 14. d5 Ne7 15. Qc2 Qc7 16. a4 Bd7 17. Bc3 Nc8 18. Qb2 Nd6 19. Ng3 Re7 20. f4 Ng4 21. fxe5 Nxe5 22. Bxe5 Nxc4 23. Bxc7 Nxb2 24. d6 Rxe3 25. Bf5 Bxa4 26. Rf2 Nd1 27. Rxa4 Nxf2 28. Kxf2 Re5 29. d7 Rd5 30. d8Q+ Raxd8 31. Bxd8 Rxd8 32. Rxa7 1-0

[Event "Helsinki Seniors"]
[Site "Helsinki"]
[Date "2019.08.14"]
[Round "1"]
[White "Hammar, Bengt Erik"]
[Black "Halldorsson, Bragi"]
[Result "0-1"]
[WhiteElo "2199"]
[BlackElo "2116"]
[PlyCount "62"]
[EventDate "2019.08.14"]
[EventType "tourn"]
[EventRounds "9"]
[EventCountry "FIN"]
[SourceTitle "CBM 191 Extra"]
[Source "ChessBase"]
[SourceDate "2019.09.30"]
[SourceVersion "1"]
[SourceVersionDate "2019.09.30"]
[SourceQuality "1"]

1. e4 c6 2. d4 d5 3. Nc3 dxe4 4. Nxe4 Bf5 5. Ng3 Bg6 6. Bc4 Nf6 7. N1e2 e6 8. 0-0 Bd6 9. f4 Bf5 10. Nxf5 exf5 11. Ng3 g6 12. Re1+ Kf8 13. Bb3 h5 14. a3 Nbd7 15. Qf3 h4 16. Ne2 Ne4 17. c4 Ndf6 18. Bc2 Kg7 19. b3 Re8 20. Bb2 Kg8 21. Nc3 Qc7 22. g3 hxg3 23. hxg3 Nxg3 24. Qxg3 Bxf4 25. Qh3 Kg7 26. Qf3 Ng4 27. d5 Be3+ 28. Kg2 Qh2+ 29. Kf1 Bd4 30. Ne2 Bxb2 31. Ra2 Ne3+ 0-1

[Event "WchT Seniors 65"]
[Site "Rhodes"]
[Date "2019.04.20"]
[Round "5.3"]
[White "Hedin, Gunnar"]
[Black "Halldorsson, Bragi"]
[Result "0-1"]
[WhiteElo "2195"]
[BlackElo "2112"]
[PlyCount "122"]
[EventDate "2019.04.16"]
[EventType "team-swiss"]
[EventRounds "9"]
[EventCountry "GRE"]
[SourceTitle "CBM 190 Extra"]
[Source "ChessBase"]
[SourceDate "2019.07.15"]
[SourceVersion "1"]
[SourceVersionDate "2019.07.15"]
[SourceQuality "1"]
[WhiteTeam "Sweden"]
[BlackTeam "Iceland II"]
[WhiteTeamCountry "SWE"]
[BlackTeamCountry "ISL"]

1. c4 c5 2. Nf3 Nf6 3. g3 Nc6 4. Bg2 d5 5. cxd5 Nxd5 6. 0-0 e5 7. Nc3 Nc7 8. d3 Be7 9. Nd2 Be6 10. Nc4 Nd5 11. f4 exf4 12. gxf4 f6 13. f5 Bf7 14. Qe1 Nd4 15. Qf2 Qd7 16. e3 Nc6 17. Be4 Rd8 18. a3 Nxc3 19. bxc3 Bd5 20. Bxd5 Qxd5 21. Rd1 0-0 22. Rd2 b5 23. e4 Qf7 24. Ne3 Bd6 25. Rb1 a6 26. Nd5 Rfe8 27. Rd1 c4 28. dxc4 Rxe4 29. Bf4 Bxf4 30. Nxf4 Rxd1+ 31. Rxd1 Qxc4 32. Nh5 Rg4+ 33. Ng3 h5 34. Qe3 Ne5 35. Rd4 Rxd4 36. cxd4 Qxd4 37. Qxd4 Nf3+ 38. Kf2 Nxd4 39. Ke3 Nc2+ 40. Kd3 Nxa3 41. Nxh5 Nc4 42. Nf4 Nd6 43. Nd5 a5 44. Kd4 a4 45. Kc5 a3 46. Nb4 Nxf5 47. Kxb5 Nd4+ 48. Kc4 Nf3 49. Kb3 Nxh2 50. Kxa3 g5 51. Nd5 Kf7 52. Kb3 Ke6 53. Kc4 Ke5 54. Nc3 f5 55. Kd3 Kf4 56. Ne2+ Ke5 57. Ke3 f4+ 58. Kf2 Ng4+ 59. Kf3 Nf6 60. Kg2 g4 61. Ng1 Ne4 0-1

[Event "Reykjavik op"]
[Site "Reykjavik"]
[Date "2018.03.07"]
[Round "3"]
[White "Halldorsson, Bragi"]
[Black "Unuk, Laura"]
[Result "0-1"]
[WhiteElo "2126"]
[BlackElo "2346"]
[PlyCount "106"]
[EventDate "2018.03.06"]
[EventType "swiss"]
[EventRounds "9"]
[EventCountry "ISL"]
[SourceTitle "CBM 183 Extra"]
[Source "ChessBase"]
[SourceDate "2018.04.19"]
[SourceVersion "1"]
[SourceVersionDate "2018.04.19"]
[SourceQuality "1"]

1. d4 Nf6 2. c4 e6 3. Nc3 Bb4 4. a3 Bxc3+ 5. bxc3 b6 6. f3 0-0 7. e4 Ne8 8. Bd3 c5 9. Be3 d6 10. Ne2 Nc6 11. 0-0 Ba6 12. Ng3 cxd4 13. cxd4 e5 14. Qa4 Na5 15. Bd2 Rc8 16. Bxa5 bxa5 17. d5 Nf6 18. Rfc1 Nd7 19. Rab1 Rc5 20. Rc3 Nb6 21. Qc2 Qd7 22. Nf5 Na4 23. Rcb3 Rcc8 24. Bf1 Nc5 25. R3b2 g6 26. Qd2 Qd8 27. Ne3 f5 28. exf5 gxf5 29. Nd1 Qh4 30. g3 Qh5 31. Be2 f4 32. g4 Qg6 33. Nf2 e4 34. Qc2 exf3 35. Bxf3 Rce8 36. Kg2 Re3 37. Qxg6+ hxg6 38. Rb8 Bxc4 39. Rxf8+ Kxf8 40. Nh3 Nd3 41. Rb8+ Ke7 42. Ng5 Ne1+ 43. Kf2 Nxf3 44. Rb7+ Kf6 45. Nh7+ Ke5 46. Re7+ Kd4 47. Rxe3 fxe3+ 48. Kxf3 Bxd5+ 49. Ke2 Be4 50. Ke1 Ke5 51. h4 d5 52. h5 d4 53. Ng5 d3 0-1

[Event "Reykjavik Congress"]
[Site "Reykjavik"]
[Date "2018.01.28"]
[Round "6"]
[White "Baldursson, Haraldur"]
[Black "Halldorsson, Bragi"]
[Result "0-1"]
[WhiteElo "1942"]
[BlackElo "2082"]
[PlyCount "59"]
[EventDate "2018.01.10"]
[EventType "swiss"]
[EventRounds "9"]
[EventCountry "ISL"]
[SourceTitle "CBM 182 Extra"]
[Source "ChessBase"]
[SourceDate "2018.02.23"]
[SourceVersion "1"]
[SourceVersionDate "2018.02.23"]
[SourceQuality "1"]

1. d4 Nf6 2. Nf3 d5 3. c4 c6 4. Nc3 dxc4 5. a4 Bf5 6. Ne5 Na6 7. f3 Nd7 8. Nxc4 e5 9. e4 exd4 10. Qxd4 Nb4 11. Qd1 Be6 12. Bf4 Nc5 13. Nd6+ Bxd6 14. Bxd6 Ncd3+ 15. Bxd3 Qxd6 16. Be2 Qc5 17. Ra3 Rd8 18. Qc1 0-0 19. Kf1 Rd7 20. Na2 Qxc1+ 21. Nxc1 Rd2 22. b3 Rfd8 23. Kf2 Rb2 24. Kg3 Rdd2 25. Bf1 Nc2 26. Ra2 Rxa2 27. Nxa2 Ne3 28. Nc3 Bxb3 29. Kf4 Nd1 30. Be2 0-1

[Event "Runavik op"]
[Site "Runavik"]
[Date "2017.11.26"]
[Round "9"]
[White "Steil Antoni, Fiona"]
[Black "Halldorsson, Bragi"]
[Result "1-0"]
[WhiteElo "2183"]
[BlackElo "2103"]
[PlyCount "85"]
[EventDate "2017.11.20"]
[EventType "swiss"]
[EventRounds "9"]
[EventCountry "FAI"]
[SourceTitle "CBM 181 Extra"]
[Source "ChessBase"]
[SourceDate "2017.12.12"]
[SourceVersion "1"]
[SourceVersionDate "2017.12.12"]
[SourceQuality "1"]

1. e4 c6 2. d4 d5 3. exd5 cxd5 4. Nf3 Nc6 5. Ne5 Nf6 6. Bb5 Bd7 7. Nxd7 Qxd7 8. c3 e6 9. 0-0 Bd6 10. Re1 0-0 11. Nd2 Qc7 12. Nf1 Rab8 13. Ng3 Bf4 14. Bxf4 Qxf4 15. Nh5 Qg5 16. Nxf6+ Qxf6 17. Re3 Rfc8 18. Qh5 g6 19. Qh6 Ne7 20. Bd3 b5 21. a3 a5 22. Rf3 Qg7 23. Qg5 Nc6 24. h4 b4 25. axb4 axb4 26. h5 bxc3 27. bxc3 h6 28. Qg3 g5 29. Ra6 Rb7 30. Qd6 Rbc7 31. Bb5 Nb8 32. Rb6 Qf8 33. Qe5 Qd8 34. Rf6 Qf8 35. Rbxe6 Nd7 36. Bxd7 Rxd7 37. Rxh6 fxe6 38. Qh8+ Kf7 39. Qf6+ Ke8 40. Rh8 Rf7 41. Qxe6+ Kd8 42. Rxf8+ Rxf8 43. Qxd5+ 1-0